The little system 7.1 /7.5 book

Αποθηκεύτηκε σε:
Λεπτομέρειες βιβλιογραφικής εγγραφής
Κύριος συγγραφέας: Nelson, Kay Yarborough
Μορφή: Βιβλίο
Γλώσσα:English
Δημοσίευση: California : Peachpit Press, 1994
Θέματα:
Ετικέτες: Προσθήκη ετικέτας
Δεν υπάρχουν, Καταχωρήστε ετικέτα πρώτοι!

MARC

LEADER 00000nam a2200000 i 4500
001 1/71028
008 980522s1994 eng d
020 |a 1-56609-151-9 
035 |l 10030827 
040 |a GR-MY-UA  |b gre  |e aacr 
041 0 |a eng 
082 0 |a 005.4469 
100 1 |a Nelson, Kay Yarborough. 
245 1 4 |a The little system 7.1 /7.5 book /  |c Kay Yarborough Nelson 
260 |a California :   |b Peachpit Press,   |c 1994 
300 |a 198 p. 
630 0 0 |a System 7. 
650 0 0 |a Operating systems (Computers) 
650 0 0 |a Macintosh (Computer)  |x Programming. 
852 |a INST  |b RHODES  |e 19980522  |h 005.4469 NEL  |p 005400006344  |q 005400006344  |t BK  |y 0 
901 |a BIBL-1998-2 
909 |a Ρ  |b 055116  |c 1998 
922 |a 4ΕΛΗ  |b 199803  |c ΠΟΛΕΜΙΚΟΣ  |d ΠΑΠΑΣΩΤΗΡΙΟΥ